000 02241cam a2200421 i 4500
001 118192
005 20230410130745.0
008 130919s2013 nyua 000 0aeng
035 _a17891640
010 _a 2013037922
020 _a9781591846918 (hardback)
040 _aDLC
_beng
_cDLC
_erda
_dDLC
042 _apcc
043 _an-us---
050 1 4 _aPN 6727
_bA217h 2013
082 0 0 _a741.5/6973
084 _aBUS012000
_aBUS046000
_aBIO003000
_2bisacsh
100 1 _aAdams, Scott,
_d1957-
245 1 0 _aHow to fail at almost everything and still win big :
_bkind of the story of my life /
_cScott Adams.
264 1 _aNew York :
_bPortfolio/Penguin,
_c2013.
300 _a248 pages :
_billustrations ;
_c24 cm
336 _atext
_2rdacontent
337 _aunmediated
_2rdamedia
338 _avolume
_2rdacarrier
504 _aIncludes bibliographical references (pages 235-245) and index.
520 _a"Dilbert creator Scott Adams offers his most personal book ever -- a funny memoir of his many failures and what they eventually taught him about success. How do you go from hapless office worker to world-famous cartoonist and bestselling author in just a few years? No career guide can answer that, and not even Scott Adams (who actually did it) can give you a road map that works for everyone. But there's a lot to learn from his personal story, and a lot of humor along the way. In How to Fail at Almost Everything and Still Win Big, Adams admits that he failed at just about everything he's tried, including his corporate career, his inventions, his investments, and his two restaurants. But along the way, Adams discovered some truths you're unlikely to find anywhere else."--
_cProvided by publisher.
600 1 0 _aAdams, Scott,
_d1957-
650 0 _aCartoonists
_zUnited States
_vBiography.
650 0 _aVocational guidance
_vHumor.
650 0 _aMotivation (Psychology)
650 4 _aCaricaturistas
_zEstados Unidos
_vBiografía.
650 4 _aOrientación vocacional
_vHumor.
650 7 _aBUSINESS & ECONOMICS / Careers / General.
_2bisacsh
650 7 _aBUSINESS & ECONOMICS / Motivational.
_2bisacsh
650 7 _aBIOGRAPHY & AUTOBIOGRAPHY / Business.
_2bisacsh
942 _2lcc
_cbk
946 _aYSL
999 _c79845
_d79845